| 000 | 00734nam a22002657a 4500 | ||
|---|---|---|---|
| 003 | CHAP | ||
| 005 | 20220329140202.0 | ||
| 008 | 971013s1955 r 00010 d | ||
| 010 | _a48232 | ||
| 011 | _a49204 | ||
| 035 | _a53352 | ||
| 040 | _cCHAP | ||
| 082 |
_a627.4 _bR5 1955 |
||
| 100 | 0 | 0 |
_aRichards, Bertram Darell. _997248 |
| 245 | _aFlood estimation and control | ||
| 250 | _a3 ed. | ||
| 260 |
_aLondon : _bChapman, _c1955 |
||
| 300 |
_a187 p. _b; mapas |
||
| 590 |
_aBATCH-UPD _b10 _c20130110 _lUCH01 _h1945 |
||
| 590 |
_aCONVERSION _b10 _c20130109 _lUCH01 _h1326 |
||
| 650 | 1 | 4 |
_aControl de avenidas. _927591 |
| 901 | _aBK | ||
| 942 | _cLIBRO | ||
| 949 |
_a627.4 R5 1955 _bBC _cLIBRO _d33724000022042 _eLIBRO _h19059 _i53352 _si |
||
| 999 |
_c48232 _d48232 |
||